000 00570nam a2200217Ia 4500
003 GCL
008 140319s9999 xx 000 0 eng d
040 _aGCL /
_cGCL
082 0 4 _a305.231
_bG S
100 1 _aGRANT, JAMES P
245 1 0 _aTHE STATE OF THE WORLDES CHILDREN 1982 - 83 /
_cGRANT, JAMES P
260 _a[S.N] :
_bOXFORD UNIVERSITY PRESS ،
_c1982
300 _a131 P
650 0 4 _aCHILD - FOOD
650 0 4 _aCHILDHOOD
650 0 4 _aCHILD
650 0 4 _aCHILD - DEVELOPMENT
650 0 4 _aCHILD - HEALTH
650 0 4 _aCHILD - CARE
942 _2ddc
_cBK
999 _c14923
_d14923